000 00581nam a2200229Ia 4500
003 OSt
005 20220928140825.0
006 a|||||r|||| 00| 0
007 ta
008 220927b |||||||| |||| 00| 0 eng d
024 _a12113
037 _cTextual
040 _aSDCL
_cSDCL
_beng
041 _2eng
_aeng
082 _aV1:19, L8
100 _aMishr Krishankant
_9497864
245 0 _aAantarrashtiya rajniti
260 _c1978
700 _a Khanna Indu
_9497865
942 _hV1:19, L8
_cTEXL
_2CC
999 _c814522
_d814522